Overwatch Hero Quiz - Statistics

General Stats
  • This quiz has been taken 117 times
    58 since last reset
  • The average score is 26 of 32
Answer Stats
Hint Answer % Correct
Support Mercy
97%
Damage Genji
94%
Support Ana
91%
Support Baptiste
91%
Tank D.Va
91%
Damage Hanzo
91%
Damage Mccree
91%
Tank Reinhardt
91%
Support Zenyatta
91%
Damage Ashe
89%
Damage Reaper
89%
Damage Widowmaker
89%
Support Moira
86%
Damage Tracer
86%
Damage Doomfist
83%
Support Lucio
83%
Tank Orisa
83%
Tank Roadhog
83%
Damage Junkrat
80%
Tank Sigma
80%
Damage Sombra
80%
Tank Wrecking Ball
80%
Tank Zarya
80%
Damage Soldier 76
77%
Tank Winston
74%
Damage Echo
69%
Damage Symmetra
69%
Damage Bastion
66%
Support Brigitte
63%
Damage Pharah
63%
Damage Torbjorn
63%
Damage Mei
57%
No matching quizzes found
Score Distribution
Percent of People with Each Score
Percentile by Number Answered
Your Score History
You have not taken this quiz since the last reset